Proizvodstvennyje metody razrabotki programm

Saved in:
Bibliographic Details
Main Author: Volchover, Vladimir Geršovič
Other Authors: Ivanov, Leonid Vasil'jevič
Format: Book
Language:Russian
Published: Moskva Finansy i statistika 1983
Tags: Add Tag
No Tags, Be the first to tag this record!

MARC

LEADER 00000nam a2200000 4500
001 c133607
005 20041019155258.7
041 0 |a rus 
044 |a RU 
245 1 0 |a Proizvodstvennyje metody razrabotki programm  |c Vladimir Geršovič Volchover, Leonid Vasil'jevič Ivanov 
264 1 |a Moskva  |b Finansy i statistika  |c 1983 
300 |a 205 s. 
100 1 |a Volchover, Vladimir Geršovič 
700 1 |a Ivanov, Leonid Vasil'jevič